[Event "Skien-ch U20"]
[Site "Skien"]
[Date "2019.11.08"]
[Round "2"]
[White "Beitnes, Andreas Roberg"]
[Black "Shehzad, Shazil Khan"]
[Result "0-1"]
[WhiteElo "1621"]
[BlackElo "2173"]
[PlyCount "83"]
[EventDate "2019.11.08"]
[EventType "swiss"]
[EventRounds "7"]
[EventCountry "NOR"]
[SourceTitle "CBM 193 Extra"]
[Source "ChessBase"]
[SourceDate "2020.01.31"]
[SourceVersion "1"]
[SourceVersionDate "2020.01.31"]
[SourceQuality "1"]

1. e4 c5 2. Nf3 d6 3. d4 cxd4 4. Qxd4 Nc6 5. Bb5 Bd7 6. Bxc6 Bxc6 7. Nc3 e6 8. Be3 Qc7 9. 0-0 Nf6 10. Rad1 e5 11. Qd3 h6 12. h3 a6 13. Nd2 b5 14. a3 Qb7 15. f4 Be7 16. fxe5 dxe5 17. Nf3 Rd8 18. Qe2 Rxd1 19. Rxd1 Qc7 20. Bf2 0-0 21. Nd5 Bxd5 22. exd5 Bd6 23. Bg3 Re8 24. Bh4 Nd7 25. Rd3 Nb6 26. Rc3 Qd7 27. Qd1 e4 28. Ne1 e3 29. Qf3 Na4 30. Nd3 Nxc3 31. bxc3 e2 32. Qf2 Qc7 33. Qe1 Bxa3 34. Bg3 Qd7 35. Be5 Qxd5 36. Qg3 Qxe5 37. Nxe5 Bc5+ 38. Kh1 Bd6 39. Qe1 Rxe5 40. Kg1 Bc5+ 41. Kh2 Bf2 42. Qd2 0-1

[Event "Oslo op"]
[Site "Oslo"]
[Date "2018.10.05"]
[Round "8"]
[White "Beitnes, Andreas Roberg"]
[Black "Eiding, Amanda Mai Irgens"]
[Result "1/2-1/2"]
[WhiteElo "1380"]
[BlackElo "1409"]
[PlyCount "78"]
[EventDate "2018.09.30"]
[EventType "swiss"]
[EventRounds "10"]
[EventCountry "NOR"]
[SourceTitle "EXT 2020"]
[Source "ChessBase"]
[SourceDate "2019.10.17"]
[SourceVersion "1"]
[SourceVersionDate "2019.10.17"]
[SourceQuality "1"]

1. e4 c5 2. Nf3 g6 3. c3 Bg7 4. d4 Qc7 5. Bd3 e6 6. 0-0 Ne7 7. Bg5 b6 8. Bxe7 Kxe7 9. Nbd2 Rd8 10. Rc1 Bb7 11. Qe2 Kf8 12. e5 d6 13. Nc4 dxe5 14. dxe5 Bxf3 15. Qxf3 Nc6 16. Be4 Rac8 17. Bxc6 Qxc6 18. Qxc6 Rxc6 19. Rcd1 Rd5 20. f4 f6 21. exf6 Bxf6 22. g4 Rc7 23. g5 Bg7 24. Rde1 Ke7 25. Rf3 b5 26. Ne3 Rd2 27. Rf2 Rcd7 28. Ree2 Rxe2 29. Rxe2 a5 30. f5 exf5 31. Nxf5+ Kf7 32. Nxg7 Kxg7 33. Kf2 Kf7 34. Kf3 Rd5 35. h4 Rf5+ 36. Ke4 Ke6 37. Rd2 Re5+ 38. Kf4 Rf5+ 39. Ke4 Re5+ 1/2-1/2

[Event "Oslo op"]
[Site "Fornebu"]
[Date "2017.10.05"]
[Round "8"]
[White "Beitnes, Andreas Roberg"]
[Black "Selvik, Elma"]
[Result "1/2-1/2"]
[WhiteElo "1430"]
[BlackElo "1186"]
[PlyCount "56"]
[EventDate "2017.09.29"]
[EventType "swiss"]
[EventRounds "10"]
[EventCountry "NOR"]
[SourceTitle "CBM 181 Extra"]
[Source "ChessBase"]
[SourceDate "2017.12.12"]
[SourceVersion "1"]
[SourceVersionDate "2017.12.12"]
[SourceQuality "1"]

1. e4 e5 2. Nf3 Nc6 3. Bb5 a6 4. Ba4 Nf6 5. Qe2 b5 6. Bb3 Bb7 7. c3 Bc5 8. d3 h6 9. Nbd2 0-0 10. 0-0 Re8 11. Rd1 d5 12. exd5 Nxd5 13. Bxd5 Qxd5 14. Ne4 Bb6 15. Bxh6 Re6 16. Bc1 Rae8 17. Nfg5 Rg6 18. Kh1 f5 19. Qh5 Ne7 20. Qh7+ Kf8 21. Qh8+ Ng8 22. Qh5 fxe4 23. Nh7+ Kf7 24. Ng5+ Kf8 25. Nh7+ Kf7 26. Ng5+ Kf8 27. Nh7+ Kf7 28. Ng5+ Kf8 1/2-1/2

[Event "Oslo op"]
[Site "Fornebu"]
[Date "2017.09.29"]
[Round "1"]
[White "Gonzalez, Francisco Silva"]
[Black "Beitnes, Andreas Roberg"]
[Result "1-0"]
[WhiteElo "2046"]
[BlackElo "1430"]
[PlyCount "81"]
[EventDate "2017.09.29"]
[EventType "swiss"]
[EventRounds "10"]
[EventCountry "NOR"]
[SourceTitle "CBM 181 Extra"]
[Source "ChessBase"]
[SourceDate "2017.12.12"]
[SourceVersion "1"]
[SourceVersionDate "2017.12.12"]
[SourceQuality "1"]

1. d4 Nf6 2. c4 c5 3. d5 e6 4. Nc3 exd5 5. cxd5 d6 6. Nf3 g6 7. Bf4 Bg7 8. h3 0-0 9. e3 Re8 10. Nd2 a6 11. a4 Nh5 12. Bh2 Nd7 13. Be2 Be5 14. 0-0 Ng7 15. Bxe5 Nxe5 16. f4 Nd7 17. e4 f5 18. a5 Nf6 19. e5 dxe5 20. fxe5 Nxd5 21. Nxd5 Rxe5 22. Nb6 Rb8 23. Nf3 Qxd1 24. Bxd1 Re8 25. Rc1 Be6 26. Ng5 Rbd8 27. Re1 h6 28. Nxe6 Rxe6 29. Bb3 Kf7 30. Rxc5 Kf6 31. Nd5+ Kg5 32. Rf1 Re2 33. Rf2 Rxf2 34. Kxf2 Ne6 35. Rc3 Nd4 36. Rg3+ Kh4 37. Ne7 Nxb3 38. Nxg6+ Kh5 39. Nf4+ Kh4 40. Rg6 Rd2+ 41. Ke3 1-0

[Event "NOR-ch U12"]
[Site "Stavanger"]
[Date "2017.07.03"]
[Round "4"]
[White "Beitnes, Andreas Roberg"]
[Black "Kvaloy, Aksel Bu"]
[Result "0-1"]
[WhiteElo "1308"]
[BlackElo "1644"]
[PlyCount "56"]
[EventDate "2017.07.01"]
[EventType "swiss"]
[EventRounds "9"]
[EventCountry "NOR"]
[SourceTitle "EXT 2024"]
[Source "ChessBase"]
[SourceDate "2023.10.10"]
[SourceVersion "1"]
[SourceVersionDate "2023.10.10"]
[SourceQuality "1"]

1. e4 c5 2. Nf3 g6 3. c3 Bg7 4. d4 cxd4 5. cxd4 d5 6. e5 Bg4 7. h3 Bxf3 8. Qxf3 e6 9. Bb5+ Nc6 10. Qc3 Rc8 11. 0-0 Nge7 12. Bg5 0-0 13. Bxc6 Rxc6 14. Qa3 f6 15. exf6 Bxf6 16. Bxf6 Rxf6 17. Qxa7 Nf5 18. g4 Nh4 19. Nc3 Qc7 20. f4 Rxf4 21. Qa8+ Kg7 22. Ne2 Nf3+ 23. Kg2 Rc2 24. Rae1 Nxe1+ 25. Rxe1 Re4 26. Kf3 Rcxe2 27. Rxe2 Qf4+ 28. Kg2 Rxe2+ 0-1

[Event "Oslo op"]
[Site "Fornebu"]
[Date "2016.09.30"]
[Round "2"]
[White "Elsness, Frode"]
[Black "Beitnes, Andreas Roberg"]
[Result "1-0"]
[WhiteElo "2444"]
[BlackElo "1240"]
[PlyCount "81"]
[EventDate "2016.09.30"]
[EventType "swiss"]
[EventRounds "9"]
[EventCountry "NOR"]
[SourceTitle "EXT 2018"]
[Source "ChessBase"]
[SourceDate "2017.10.13"]
[SourceVersion "1"]
[SourceVersionDate "2017.10.13"]
[SourceQuality "1"]

1. d4 Nf6 2. c4 c5 3. d5 b5 4. cxb5 a6 5. bxa6 Bxa6 6. Nc3 g6 7. e4 Bxf1 8. Kxf1 d6 9. g3 e6 10. Nf3 Bg7 11. dxe6 fxe6 12. e5 dxe5 13. Qxd8+ Kxd8 14. Nxe5 Rf8 15. Kg2 Nd5 16. Re1 Nxc3 17. bxc3 Rf5 18. Bf4 g5 19. Bxg5+ Ke8 20. Bf4 Nd7 21. Nxd7 Kxd7 22. Rad1+ Ke7 23. Rd6 e5 24. Rd5 Ke6 25. Rxc5 Ra7 26. Re2 h5 27. Bxe5 Bxe5 28. f4 Kd6 29. Rexe5 Rxe5 30. Rxe5 Rxa2+ 31. Kh3 h4 32. c4 hxg3 33. hxg3 Rc2 34. c5+ Rxc5 35. Rxc5 Kxc5 36. Kg4 Kd6 37. Kf5 Ke7 38. Kg6 Kf8 39. Kf6 Kg8 40. Ke7 Kg7 41. f5 1-0